000 02797nam a22003857i 4500
001 B-12618
003 CO-BoFNCP
007 t||
008 090930s2008 my a f z eng d
040 _aCO-BoFNCP
_bspa
_cCO-BoFNCP
_erda
041 _aeng
043 _amy
084 _aA-
100 1 _aCheng, S.
_941394,
_eautor.
_4aut
245 1 0 _aTermite attack on oil palm grown on peat soil :
_bIdentification of pests species and factors contributing to the problem.
264 4 _c©2008
300 _apáginas 659-670 :
_bTablas, gráficos, fotografías.
336 _atexto
_btxt
_2rdacontent
337 _asin mediación
_bn
_2rdamedia
338 _avolumen
_bnc
_2rdacarrier
504 _aIncluye referencias bibliográficas.
520 _aOil palm grown on peat soil has been reported to be severely attacked by subterranean termites, and this has been thought to be due to the harbouring of the termites in abundant timber residues left behind after the clearing of logged-over peat swamp forests for oil palm cultivation. In this study, oil palm trees and plant residues in plantations established on peat and mineral soils were examined for the presence of termites. The primary termite species capable of killing oil palm trees was Coptotermes curvignathus (Rhinotermitidae). Immature palms were killed as a result of feeding damage to the apical meristem at the base of the spear, while mature palms were killed as a result of damage to the trunk, in which the termite sometimes nested. C. curvignathus was rarely encountered in timber residues or frond heaps on the plantation floor, suggesting that removal of timber residues would not significantly reduce termite attack on oil palm on peat soils. Two other species of Coptotermes found in oil palm trees grown on peat soils were able to form small nests in the trunks of mature palms but did not cause death. Together with Schedorhinotermes spp., they primarily infested plant and wood residues. The results also showed that there was a change in the composition of termite species across different soil types. Termitids were dominant in mineral soil sites, while Rhinotermitids dominated deep peat sites. A high population of C. curvignathus in the original peat swamp habitat is, therefore, likely to be a major factor contributing to the high incidence of termite attack on oil palm grown on peat soils.
650 0 _aMalaysia
_933575.
650 0 _aPlagas.
_920581
650 0 _aTermitas
_931027.
650 0 _aTurba.
_927434
650 0 _aPalma de aceite
_937678.
651 0 _aMalaysia
_933575.
700 1 _aGurmit, S.
_941395.
700 1 _aKirton, L. G.
_941396.
773 0 _aThe Planter (Malasia)
_gv. 84, no. 991 (2008), p.659-670
_wA-
_x0126-575x
942 _2z
_c1
999 _c26590
_d26590
999 _z1